El rescate de una nación / (Record no. 1604)
[ view plain ]
| 000 -CABECERA | |
|---|---|
| campo de control de longitud fija | 00810cam a2200217 a 4500 |
| 001 - NÚMERO DE CONTROL | |
| campo de control | 000001726 |
| 005 - FECHA Y HORA DE LA ÚLTIMA TRANSACCIÓN | |
| campo de control | 20200929145658.0 |
| 008 - DATOS DE LONGITUD FIJA--INFORMACIÓN GENERAL | |
| campo de control de longitud fija | 970417q19971997fluac 001 0dspa |
| 020 ## - NÚMERO INTERNACIONAL ESTÁNDAR DEL LIBRO | |
| Número Internacional Estándar del Libro | 188461910X |
| 082 ## - NÚMERO DE LA CLASIFICACIÓN DECIMAL DEWEY | |
| Número de clasificación | 320.991 |
| Número de documento/Ítem | S961r |
| 040 ## - FUENTE DE LA CATALOGACIÓN | |
| Centro catalogador/agencia de origen | DO-SdBNP |
| 100 1# - ENTRADA PRINCIPAL--NOMBRE DE PERSONA | |
| Nombre de persona | Suárez Feliú, Néstor, |
| Fechas asociadas al nombre | 1917- |
| 9 (RLIN) | 5619 |
| 245 13 - MENCIÓN DE TÍTULO | |
| Título | El rescate de una nación / |
| Mención de responsabilidad, etc. | Néstor Suárez Feliú. |
| 260 ## - PUBLICACIÓN, DISTRIBUCIÓN, ETC. | |
| Lugar de publicación, distribución, etc. | Miami, Florida : |
| Nombre del editor, distribuidor, etc. | Fundación Nacional Cubano Americana, |
| Fecha de publicación, distribución, etc. | [1997]. |
| 300 ## - DESCRIPCIÓN FÍSICA | |
| Extensión | 250 p. : |
| Otras características físicas | il., retrs. ; |
| Dimensiones | 22 cm. |
| 500 ## - NOTA GENERAL | |
| Nota general | Incluye índice alfabético |
| 651 #4 - PUNTO DE ACCESO ADICIONAL DE MATERIA--NOMBRE GEOGRÁFICO | |
| Nombre geográfico | Cuba |
| Subdivisión general | Política Y Gobierno |
| Subdivisión cronológica | 1959-1990. |
| 9 (RLIN) | 5620 |
| 651 #4 - PUNTO DE ACCESO ADICIONAL DE MATERIA--NOMBRE GEOGRÁFICO | |
| Nombre geográfico | Cuba |
| Subdivisión general | Actividad Política |
| -- | Historia |
| Subdivisión cronológica | SIGLO XX |
| 9 (RLIN) | 5621 |
| 710 1# - PUNTO DE ACCESO ADICIONAL--NOMBRE DE ENTIDAD CORPORATIVA | |
| Nombre de entidad corporativa o nombre de jurisdicción como elemento de entrada | Fondo de Estudios Cubanoamericanos de la Fundación Nacional Cubana Americana |
| 9 (RLIN) | 5622 |
| 910 ## - DATOS DE OPCIÓN DEL USUARIO (OCLC) | |
| Datos de opción del usuario | Catalogación por copia / LC |
| Estado de retiro | Estado de pérdida | Restricciones de uso | No para préstamo | Código de colección | Localización permanente | Ubicación/localización actual | Ubicación en estantería | Fecha de adquisición | Número de inventario | Total de préstamos | Signatura topográfica completa | Código de barras | Fecha visto por última vez | Precio válido a partir de | Tipo de ítem Koha | Número de copia |
|---|---|---|---|---|---|---|---|---|---|---|---|---|---|---|---|---|
| Préstamo interno | Monografías: Libros y Folletos | General | General | Depósito | 31.08.2009 | LF1 | 320.991 S961r | 1726-10 | 25.06.2020 | 25.06.2020 | Préstamo interno | |||||
| Préstamo restringido | Préstamo restrigido | Monografías: Libros y Folletos | General | General | Depósito | 30.11.2010 | LF1 | 320.991 S961r | 1726-20 | 25.06.2020 | 25.06.2020 | Préstamo interno | e. 2 |
